Statistics for Biblical General Knowledge #1

Click here to take the quiz!

General Stats

  • This quiz has been taken 112 times
  • The average score is 9 of 15

Answer Stats

QuestionAnswer% Correct
Who rode the worldwide flood on an ark?Noah
93%
Who was the first man to be created?Adam
91%
What animal did Samson kill with his bare hands?Lion
73%
How many books make up the Pentateuch or Torah?Five
70%
What was Peter's occupation?Fisherman
67%
What city did the Israelites conquer by blowing horns?Jericho
66%
What is the last word in the Bible?Amen
64%
In which city was the first local church established?Jerusalem
61%
Who lived to the age of 969?Methuselah
56%
What is the longest book in the Bible?Psalms
55%
What city was the Apostle Paul on his way to when he saw Jesus?Damascus
47%
Name a Bible character who was taken to Heaven before dying.Enoch | Elijah
46%
What is the last book in the Old Testament?Malachi
37%
Which conqueror was prophesied to avenge his people by destroying Persia?Alexander the Great
34%
On what island did John receive his revelation?Patmos
31%

Score Distribution

Percentile by Number Answered

Percent of People with Each Score

Your Score History

You have not taken this quiz